000
00278nam a22001097a 4500
008
260422b |||||||| |||| 00| 0 eng d
100
_a
Bhatt, Mahabaleshwar
245
_a
Adhikarana Sangrah
260
_a
Delhi
_b
New Bharatiya Book Corporation
_c
2020
300
_a
60p
942
_2
ddc
999
_c
1269
_d
1269